Vainqueurs de la FA CUP - Statistiques

Statistiques générales
  • Ce quiz a été pris 453 fois
    185 depuis la dernière actualisation
  • Le résultat moyen est 95 sur 144
Statistiques - réponses
Saison Vainqueur % Correct
1929-1930 | 1935-1936 | 1949-1950 | +11 others Arsenal
100%
1964-1965 | 1973-1974 | 1985-1986 | +5 others Liverpool
100%
1903-1904 | 1933-1934 | 1955-1956 | +4 others Manchester City
100%
1908-1909 | 1947-1948 | 1962-1963 | +10 others Manchester United
100%
1969-1970 | 1996-1997 | 1999-2000 | +5 others Chelsea
95%
1900-1901 Tottenham Hotspur
93%
2024-2025 Crystal Palace
89%
2020-2021 Leicester City
87%
1909-1910 | 1923-1924 | 1931-1932 | +3 others Newcastle United
85%
1886-1887 | 1894-1895 | 1896-1897 | +4 others Aston Villa
84%
1920-1921 | 1960-1961 | 1961-1962 | +4 others Tottenham Hotspur
83%
1905-1906 | 1932-1933 | 1965-1966 | +2 others Everton
82%
1897-1898 Nottingham Forest
76%
1971-1972 Leeds United
74%
1958-1959 Nottingham Forest
74%
1963-1964 | 1974-1975 | 1979-1980 West Ham United
74%
1936-1937 | 1972-1973 Sunderland
66%
1892-1893 | 1907-1908 | 1948-1949 | 1959-1960 Wolverhampton Wanderers
66%
1975-1976 Southampton
56%
1882-1883 Blackburn Olympic
48%
1883-1884 | 1884-1885 | 1885-1886 | +3 others Blackburn Rovers
48%
1091-1902 | 1898-1899 | 1914-1915 | 1924-1925 Sheffield United
48%
1913-1914 Burnley
46%
1945-1946 Derby County
41%
1895-1896 Sheffield Wednesday
41%
1926-1927 Cardiff CIty
40%
1977-1978 Ipswich Town
38%
1938-1939 | 2007-2008 Portsmouth
38%
1891-1892 West Bromwich Albion
34%
1922-1923 | 1924-1926 | 1928-1929 | 1957-1958 Bolton Wanderers
30%
2012-2013 Wigan Athletic
29%
1888-1889 | 1937-1938 Preston N.E.
28%
1986-1987 Coventry City
27%
1952-1953 Blackpool
26%
1987-1988 Wimbledon
22%
1921-1922 Huddersfield Town
21%
1873-1874 Oxford University
19%
1946-1947 Charlton Athletic
18%
1911-1912 Barnsley
9%
1910-1911 Bradford City
8%
1893-1894 Notts County
8%
1887-1888 | 1930-1931 | 1953-1954 | 1967-1968 West Bromwich Albion
6%
1899-1900 | 1902-1903 Bury
5%
1878-1879 | 1881-1882 Old Etonians
4%
1880-1881 Old Carthusians
3%
1874-1875 Royal Engineers
3%
1871-1872 | 1872-1873 | 1875-1876 | +2 others Wanderers
3%
1879-1880 Clapham Rovers
2%
1906-1907 | 1934-1935 Sheffield Wednesday
2%
Aucun quiz correspondant
Distribution des résultats
% des personnes avec chaque résultat
Percentile par nombre de réponses
Votre historique - résultats
Vous n’avez pas pris ce quiz depuis la dernière actualisation